000 00441nam a22001577a 4500
999 _c10409
_d10409
003 OSt
008 210205b ||||| |||| 00| 0 eng d
020 _a9789352706921
100 _a K.Sembulingam and Prema Sembuylingam
245 _aReview of Medical Physiology
250 _a3rd
260 _aNew Delhi
_bJaypee Brothers Medical Publishers (P) Ltd
_c2021
300 _a144
650 _aHuman Anatomy and Physiology
942 _2ddc
_cBK
_01